Đội săn của vương quốc Xtac

Kaydedildi:
Detaylı Bibliyografya
Yazar: V Korotkevich
Materyal Türü: Kitap
Dil:Undetermined
Baskı/Yayın Bilgisi: Hà Nội Tác Phẩm Mới 1985
Konular:
Etiketler: Etiketle
Etiket eklenmemiş, İlk siz ekleyin!
Thư viện lưu trữ: Trung tâm Học liệu Trường Đại học Cần Thơ
LEADER 00491nam a2200169Ia 4500
001 CTU_15891
008 210402s9999 xx 000 0 und d
082 |a 891.734 
082 |b K84 
100 |a V Korotkevich 
245 0 |a Đội săn của vương quốc Xtac 
245 0 |c V Korotkevich, Hà Minh Thắng 
260 |a Hà Nội 
260 |b Tác Phẩm Mới 
260 |c 1985 
650 |a russian fiction 
980 |a Trung tâm Học liệu Trường Đại học Cần Thơ